Statistiques concernant Devinez le/la chanteur/euse de K-pop #1

Cliquez ici pour prendre le quiz!

Statistiques générales

  • Ce quiz a été pris 303 fois
  • Le résultat moyen est 12 sur 16

Statistiques - réponses

Réponse% Correct
RM
90%
Jimin
88%
Lisa
88%
Suga
88%
J-Hope
87%
Jin
87%
V
87%
Rosé
86%
Jennie
84%
Jungkook
83%
Jisoo
82%
G-Dragon
53%
Taeyang
44%
T.O.P
39%
Seungri
36%
Daesung
28%

Distribution des résultats

Percentile par nombre de réponses

% des personnes avec chaque résultat

Votre développement - résultats

Vous n’avez pas pris ce quiz